<?xml version="1.0" encoding="UTF-8"?>
<record
    xmlns:xsi="http://www.w3.org/2001/XMLSchema-instance"
    xsi:schemaLocation="http://www.loc.gov/MARC21/slim http://www.loc.gov/standards/marcxml/schema/MARC21slim.xsd"
    xmlns="http://www.loc.gov/MARC21/slim">

  <leader>00680cam a2200217u  4500</leader>
  <datafield tag="999" ind1=" " ind2=" ">
    <subfield code="c">2992</subfield>
    <subfield code="d">2992</subfield>
  </datafield>
  <controlfield tag="001">7826106</controlfield>
  <controlfield tag="003">GBCCL</controlfield>
  <controlfield tag="005">20241126110444.0</controlfield>
  <controlfield tag="008">830118s1934    tnu      f    000 0 eng  </controlfield>
  <datafield tag="010" ind1=" " ind2=" ">
    <subfield code="a">   34034411 </subfield>
  </datafield>
  <datafield tag="040" ind1=" " ind2=" ">
    <subfield code="a">DLC</subfield>
    <subfield code="c">CarP</subfield>
    <subfield code="d">DLC</subfield>
  </datafield>
  <datafield tag="050" ind1="0" ind2="0">
    <subfield code="a">BX6345</subfield>
    <subfield code="b">.H6</subfield>
  </datafield>
  <datafield tag="082" ind1=" " ind2=" ">
    <subfield code="a">253</subfield>
    <subfield code="b">HOB</subfield>
  </datafield>
  <datafield tag="100" ind1="1" ind2=" ">
    <subfield code="a">Hobbs, James Randolph,</subfield>
    <subfield code="d">1874- [from old catalog]</subfield>
    <subfield code="9">6228</subfield>
  </datafield>
  <datafield tag="245" ind1="1" ind2="4">
    <subfield code="a">The pastor's manual</subfield>
  </datafield>
  <datafield tag="260" ind1=" " ind2=" ">
    <subfield code="a">[Nashville,</subfield>
    <subfield code="b">Sunday school board, Southern Baptist convention,</subfield>
    <subfield code="c">1934]</subfield>
  </datafield>
  <datafield tag="300" ind1=" " ind2=" ">
    <subfield code="a">2 p.l., 3-253 p.</subfield>
    <subfield code="c">17 cm.</subfield>
  </datafield>
  <datafield tag="650" ind1=" " ind2="0">
    <subfield code="a">Pastoral theology</subfield>
    <subfield code="x">Baptists</subfield>
    <subfield code="v">Handbooks, manuals, etc.</subfield>
    <subfield code="9">6229</subfield>
  </datafield>
  <datafield tag="906" ind1=" " ind2=" ">
    <subfield code="a">0</subfield>
    <subfield code="b">cbc</subfield>
    <subfield code="c">premunv</subfield>
    <subfield code="d">u</subfield>
    <subfield code="e">ncip</subfield>
    <subfield code="f">19</subfield>
    <subfield code="g">y-gencatlg</subfield>
  </datafield>
  <datafield tag="942" ind1=" " ind2=" ">
    <subfield code="2">ddc</subfield>
    <subfield code="c">BK</subfield>
    <subfield code="0">3</subfield>
  </datafield>
  <datafield tag="952" ind1=" " ind2=" ">
    <subfield code="0">0</subfield>
    <subfield code="1">0</subfield>
    <subfield code="2">ddc</subfield>
    <subfield code="4">0</subfield>
    <subfield code="7">0</subfield>
    <subfield code="a">GBC</subfield>
    <subfield code="b">GBC</subfield>
    <subfield code="c">MNMS</subfield>
    <subfield code="d">2017-10-11</subfield>
    <subfield code="l">3</subfield>
    <subfield code="o">253 HOB</subfield>
    <subfield code="p">010300</subfield>
    <subfield code="r">2025-05-01 00:00:00</subfield>
    <subfield code="s">2022-08-29</subfield>
    <subfield code="t">c.1</subfield>
    <subfield code="w">2017-10-11</subfield>
    <subfield code="y">BK</subfield>
  </datafield>
</record>
